UK participation in CLARINET (Record no. 61962)

MARC details
000 -LEADER
fixed length control field 00881cam a2200241 4500
001 - CONTROL NUMBER
control field ABS61691
008 - FIXED-LENGTH DATA ELEMENTS--GENERAL INFORMATION
fixed length control field 000000n1999 000 0 eng u
035 ## - SYSTEM CONTROL NUMBER
System control number (Sirsi) u103111
100 ## - MAIN ENTRY--PERSONAL NAME
Personal name Bardos, P.
245 ## - TITLE STATEMENT
Title UK participation in CLARINET
260 ## - PUBLICATION, DISTRIBUTION, ETC.
Date of publication, distribution, etc. 1999
490 ## - SERIES STATEMENT
Series statement Land Contamination & Reclamation
Volume/sequential designation 7(4) 1999, 237-243(7)
520 ## - SUMMARY, ETC.
Summary, etc. CLARINET (the Contaminated Land Rehabilitation Network for Environmental Technologies) offers opportunities for UK contaminated land researchers to learn about the current technologies used in Europe. (Taken from journal abstract.)
590 ## - LOCAL NOTE (RLIN)
Local note ABS
650 ## - SUBJECT ADDED ENTRY--TOPICAL TERM
Topical term or geographic name entry element CLARINET
650 ## - SUBJECT ADDED ENTRY--TOPICAL TERM
Topical term or geographic name entry element CONTAMINATED LAND
650 ## - SUBJECT ADDED ENTRY--TOPICAL TERM
Topical term or geographic name entry element CONTAMINATED LAND REHABILITATION NETWORK FOR ENVIRONMENTAL TECHNOLOGIES
650 ## - SUBJECT ADDED ENTRY--TOPICAL TERM
Topical term or geographic name entry element EUROPE
690 ## - LOCAL SUBJECT ADDED ENTRY--TOPICAL TERM (OCLC, RLIN)
Topical term or geographic name as entry element ENVIRONMENT-CONTAMINATION
700 ## - ADDED ENTRY--PERSONAL NAME
Personal name Lowe, M.
700 ## - ADDED ENTRY--PERSONAL NAME
Personal name Baverstock, A.
942 ## - ADDED ENTRY ELEMENTS (KOHA)
Suppress in OPAC 0
Holdings
Withdrawn status Lost status Source of classification or shelving scheme Damaged status Not for loan Home library Current library Shelving location Date acquired Total Checkouts Full call number Barcode Date last seen Copy number Price effective from Koha item type
    Dewey Decimal Classification     London London Journal article 14/12/1999   ABS61691 103111-1001 06/08/2019 1 06/08/2019 Journal article